000 00744nam a2200157 a 4500
001 000033968
005 20200930070649.0
008 110915s1892 xxua 000 0 eng d
040 _aDO-SdBNP
_bspa
_cBNPHU
082 _axxx
_bC556
245 0 0 _aChristopher Columbus and his monument Columbia :
_bbeing a concordance of choice tributes to the great Genoese, his grand discovery, and his greatness of mind and purpose : the testimony of ancient authors, the tributes of modern men /
_ccompiled J.M. Dickey.
260 _aChicago :
_aNew York :
_bRand, McNally,
_c1892.
300 _a397 p. :
_bil., retr. ;
_c21 cm.
500 _aAdorned with the sculptures, scenes and portraits of the old world and the new
700 1 _aDickey, J. M.,
_ecomp.
_959428
999 _c33459
_d33459